Phonology : (Record no. 5855)
[ view plain ]
| 000 -LEADER | |
|---|---|
| fixed length control field | 00933cam a2200241 a 4500 |
| 005 - DATE AND TIME OF LATEST TRANSACTION | |
| control field | 20260316020003.0 |
| 008 - FIXED-LENGTH DATA ELEMENTS--GENERAL INFORMATION | |
| fixed length control field | 950418s1996 enka b 001 0 eng |
| 020 ## - INTERNATIONAL STANDARD BOOK NUMBER | |
| International Standard Book Number | 0631192328 |
| Qualifying information | hbk. : alk. paper |
| 020 ## - INTERNATIONAL STANDARD BOOK NUMBER | |
| International Standard Book Number | 0631192336 |
| Qualifying information | pbk. : alk. paper |
| 020 ## - INTERNATIONAL STANDARD BOOK NUMBER | |
| International Standard Book Number | 9780631192336 |
| Qualifying information | (hbk. : alk. paper) |
| 020 ## - INTERNATIONAL STANDARD BOOK NUMBER | |
| International Standard Book Number | 9780631192336 |
| Qualifying information | (pbk. : alk. paper) |
| 040 ## - CATALOGING SOURCE | |
| Original cataloging agency | KABLIB |
| Transcribing agency | KABLIB |
| Description conventions | rda |
| 082 00 - DEWEY DECIMAL CLASSIFICATION NUMBER | |
| Classification number | 414 |
| Edition number | 23 |
| Item number | SPE |
| 100 1# - MAIN ENTRY--PERSONAL NAME | |
| Personal name | Spencer, Andrew, |
| Dates associated with a name | 1953 December 15- |
| 9 (RLIN) | 14765 |
| 245 10 - TITLE STATEMENT | |
| Title | Phonology : |
| Remainder of title | theory and description / |
| Statement of responsibility, etc. | Andrew Spencer. |
| 260 ## - PUBLICATION, DISTRIBUTION, ETC. | |
| Place of publication, distribution, etc. | Oxford, U.K. ; |
| -- | Malden, Mass., U.S. : |
| Name of publisher, distributor, etc. | Blackwell Publishers, |
| Date of publication, distribution, etc. | 1996. |
| 300 ## - PHYSICAL DESCRIPTION | |
| Extent | xxiv, 322 p. : |
| Other physical details | ill. ; |
| Dimensions | 25 cm. |
| 440 #0 - SERIES STATEMENT/ADDED ENTRY--TITLE | |
| Title | Introducing linguistics ; |
| Volume/sequential designation | 1 |
| 9 (RLIN) | 14766 |
| 504 ## - BIBLIOGRAPHY, ETC. NOTE | |
| Bibliography, etc. note | Includes bibliographical references (p. [309]-314), indexes. |
| 650 #0 - SUBJECT ADDED ENTRY--TOPICAL TERM | |
| Topical term or geographic name entry element | Grammar, Comparative and general |
| General subdivision | Phonology. |
| 9 (RLIN) | 14767 |
| 650 #0 - SUBJECT ADDED ENTRY--TOPICAL TERM | |
| Topical term or geographic name entry element | English language |
| General subdivision | Phonology. |
| 9 (RLIN) | 14768 |
| 942 ## - ADDED ENTRY ELEMENTS (KOHA) | |
| Source of classification or shelving scheme | Dewey Decimal Classification |
| Koha item type | Book |
| Koha issues (borrowed), all copies | 3 |
| Withdrawn status | Lost status | Source of classification or shelving scheme | Damaged status | Not for loan | Home library | Current library | Shelving location | Date acquired | Source of acquisition | Total Checkouts | Full call number | Barcode | Date last seen | Price effective from | Koha item type | Date last checked out |
|---|---|---|---|---|---|---|---|---|---|---|---|---|---|---|---|---|
| Dewey Decimal Classification | Education Library | Mukombe Library | Open Access Section | 28.01.2026 | Donation | 3 | 414 SPE | 14240 | 15.03.2026 | 28.01.2026 | Book | 15.03.2026 | ||||
| Dewey Decimal Classification | Education Library | Education Library | Open Access Section | 28.01.2026 | Donation | 414 SPE | 14237 | 28.01.2026 | 28.01.2026 | Book | ||||||
| Dewey Decimal Classification | Education Library | Education Library | Open Access Section | 28.01.2026 | Donation | 414 SPE | 14238 | 28.01.2026 | 28.01.2026 | Book | ||||||
| Dewey Decimal Classification | Education Library | Education Library | Open Access Section | 28.01.2026 | Donation | 414 SPE | 14239 | 28.01.2026 | 28.01.2026 | Book | ||||||
| Dewey Decimal Classification | Education Library | Education Library | Open Access Section | 28.01.2026 | Donation | 414 SPE | 14241 | 28.01.2026 | 28.01.2026 | Book |